They live on charity : (Record no. 62985)
[ view plain ]
| 000 -LEADER | |
|---|---|
| fixed length control field | 00905nam a2200253 a 4500 |
| 001 - CONTROL NUMBER | |
| control field | 62985 |
| 003 - CONTROL NUMBER IDENTIFIER | |
| rucl marc code | BD-RjUL |
| 005 - DATE AND TIME OF LATEST TRANSACTION | |
| control field | 20211209081140.0 |
| 008 - FIXED-LENGTH DATA ELEMENTS--GENERAL INFORMATION | |
| fixed length control field | 170126s1970 bg ||||| |||| 00| 0 eng d |
| 035 ## - SYSTEM CONTROL NUMBER | |
| System control number | (BD-RjUL)63113 |
| 040 ## - CATALOGING SOURCE | |
| Original cataloging agency | BD-RjUL |
| Language of cataloging | eng |
| Transcribing agency | BD-RjUL |
| 041 ## - LANGUAGE CODE | |
| Language code of text/sound track or separate title | eng |
| 082 ## - DEWEY DECIMAL CLASSIFICATION NUMBER | |
| Edition number | 23 |
| Classification number | 339.46095492 |
| Author mark and year | AHT 1970 |
| 100 1# - MAIN ENTRY--PERSONAL NAME | |
| Personal name | Ahmadullah, A. K. |
| 9 (RLIN) | 187333 |
| 245 10 - TITLE STATEMENT | |
| Title | They live on charity : |
| Remainder of title | the report of a survey on beggars in Dacca City / |
| Statement of responsibility, etc. | A. K. Ahmadullah, Muhammad A. Momen and Md. Hafizul Islam |
| 260 ## - PUBLICATION, DISTRIBUTION, ETC. (IMPRINT) | |
| Place of publication, distribution, etc. | Dacca : |
| Name of publisher, distributor, etc. | College of Social Welfare and Research Centre, |
| Date of publication, distribution, etc. | 1970 |
| 300 ## - PHYSICAL DESCRIPTION | |
| Pagination | 83 p. ; |
| Size | 23 cm. |
| 490 ## - SERIES STATEMENT | |
| Series statement | Mimeographed Reports and Studies ; |
| Volume/sequential designation | no. 6 |
| 650 ## - SUBJECT ADDED ENTRY--TOPICAL TERM | |
| Topical term or geographic name as entry element | Poverty |
| Geographic subdivision | Dhaka City (Bangladesh) |
| 9 (RLIN) | 174251 |
| 700 ## - ADDED ENTRY--PERSONAL NAME | |
| Personal name | Momen, Muhammad A. |
| Personal name | Islam, Md. Hafizul |
| 830 ## - SERIES ADDED ENTRY--UNIFORM TITLE | |
| Uniform title | Mimeographed Reports and Studies ; |
| Volume number/sequential designation | no. 6 |
| 942 ## - ADDED ENTRY ELEMENTS (KOHA) | |
| Source of classification or shelving scheme | Dewey Decimal Classification |
| Koha item type | Books |
| Lost status | Source of classification or shelving scheme | Damaged status | Not for loan | Collection code | Permanent Location | Current Location | Shelving location | Date acquired | Total Checkouts | Full call number | Date last seen | Copy number | Koha item type |
|---|---|---|---|---|---|---|---|---|---|---|---|---|---|
| Dewey Decimal Classification | Not For Loan | Non-fiction | Central Library, University of Rajshahi | Central Library, University of Rajshahi | Reading Room | 13/08/1971 | 339.460954922 AHT 1970 | 26/01/2017 | C-1 | Books |